000 00710nam a2200181Ia 4500
008 100920s9999 xx 000 0 und d
082 _b27230
_a28 व 891,43 0
100 _aवानप्रस्थी प्राणनाथ.
245 _aमहापुरूषो ंका बचपन.
260 _bराजपाल एण्ड सन्स ,कश्मीरी गेट, दिल्ली.
_c0
300 _a49
_bसाधी
365 _b1
520 _aबा.वि.हिंदी.
630 _aमहापुरूषो ंका बचपन.
650 _aबा.वि.हिंदी.
730 _aमहापुरूषो ंका बचपन.
942 _cBOOK
999 _c684143
_d684140